MDQL
is popping MORE tags! Check the
thread
!
Quizzes
Events
Quiz Creation
Community
Videos
Private Events
Remove Ads
Sign In
Join for FREE
Feedback
Dark Mode
Quiz Categories
Sports
Geography
Music
Movies
Television
Just For Fun
Miscellaneous
History
Literature
Language
Science
Gaming
Entertainment
Religion
Holiday
For Kids
Quiz Lab
Recent
Popular Today
Quiz Kudos Today
Editor Picks
Curator Picks
Quizzes by...
Day
Popularity
Type
Ratings
Length
Year
Community
Subscriptions
Recent Discussions
Orange Saloon
Badges
Playlists
Quests
Create
Leaderboards
Showdown
Live 5
Trivia Bingo
Activity
Puzzle Library
Sporcle Events
Private Events
Virtual Trivia
Globe League
Become a Host
Pub Owners
SporcleCon
Opinionation
Our Games
Videos
Blog
Mobile Apps
Partnerships
Remove Ads and Go Orange
Feedback
Music
Pop Music
The Beatles
Song
Album
Lyrics
Bands
Singers
Artist
Clip
Rock
Rap
Classical
Billboard
Country Music
Kpop
Taylor Swift
Music
Pop Music
The Beatles
Song
Album
Lyrics
Bands
Singers
Artist
Clip
Rock
Rap
Classical
Billboard
Country Music
Kpop
Taylor Swift
Random Quiz
Search Sporcle
×
Quiz Lab
Quiz Lab
Music
Bands
Type in answers that appear in a list
Type in answers that appear in a list
Classic
Best Score? Go Orange.
Rolling Stone's 100 Greatest Rock Drummers Stats
Can you name the Rolling Stone's 100 greatest drummers?
By
dwdrum210
15m
100 Questions
1,041 Plays
1,041 Plays
1,041 Plays
Comments
Comments
Give Quiz Kudos
Give Quiz Kudos
-
- Ratings
hide this ad
Replay
Link that replays current quiz
Next Quiz
Link to next quiz in quiz playlist
You Got
0%
They Got
Avg Score
17%
Avg Friend Score
Upgrade to see
Score Distribution
Jump to the score distribution portion of the page
Score
0/100
Timer
15:00
0
Plays Today
Bands
% Correct
Led Zeppelin
John Bonham
90.1%
The Who
Keith Moon
87%
Rush
Neil Peart
77.6%
Cream
Ginger Baker
70.6%
Genesis
Phil Collins
61.6%
Van Halen
Alex Van Halen
56.9%
The Police
Stewart Copeland
56.1%
Van Halen
Alex Van Halen
50.6%
Nirvana, QOTSA
Dave Grohl
43.1%
Jimi Hendrix Experience
Mitch Mitchell
41.1%
Emerson, Lake, & Palmer
Carl Palmer
37.9%
Fleetwood Mac
Mick Fleetwood
37.8%
Dream Theatre
Mike Portnoy
35.6%
Deep Purple
Ian Paice
35.5%
The Rolling Stones
Charlie Watts
35.5%
Black Sabbath
Bill Ward
35%
E Street Band
Max Weinberg
33.9%
Pink Floyd
Nick Mason
30.7%
Bruce Springsteen
Max Weinberg
29.6%
Blink-
182, +44, Box Car Racer, Transplants
Travis Barker
29.1%
Mötley Crüe, Methods Of Mayhem, Fuel, Sum 41
Tommy Lee
28.8%
Beck, Bogert & Appice, Vanilla Fudge
Carmine Appice
28%
Iron Maiden
Nicko McBrain
26.9%
Yes
Bill Bruford
26.6%
Slayer
Dave Lombardo
26.5%
Tool
Danny Carey
26.2%
U2
Larry Mullen Jr.
24.7%
Guns N' Roses
Steven Adler
24.7%
The Doors
John Densmore
24.1%
Slipknot
Joey Jordison
22.6%
Soundgarden
Matt Cameron
22%
Pantera
Vinnie Paul
21.8%
Frank Zappa, Jeff Beck
Terry Bozzio
21.4%
Yes
Alan White
20.1%
Bands
% Correct
Journey
Steve Smith
19.5%
Dave Matthews Band
Carter Beauford
18.6%
Yes, John Lennon, George Harrison
Alan White
18.4%
Black Sabbath, Dio, Sessions
Vinnie Appice
16%
Oasis, The Who
Zak Starkey
13.3%
Primus
Tim Alexander
13.1%
Steely Dan
Steve Gadd
12.4%
Iron Maiden
Clive Burr
12.2%
A Perfect Circle
Josh Freese
11.7%
A Perfect Circle, The Vandals, Devo, Nine Inch Nails
Josh Freese
11%
Megadeath
Nick Menza
10.9%
Frank Zappa, Sting
Vinnie Colaiuta
10.5%
Mahavishnu Orchestra
Billy Cobham
10.4%
Motorhead
Phil Taylor
9.9%
Radiohead
Phil Selway
9.9%
Judas Priest, Racer X
Scott Travis
9.2%
Toto, Jeff Beck
Simon Phillips
9.1%
Toto
Simon Phillips
8.8%
Elvis Presley, Beach Boys
Hal Blaine
8.7%
Porcupine Tree, Sessions
Gavin Harrison
8.5%
Frank Zappa, Genesis, Sessions
Chester Thompson
8.4%
Extreme, Steve Vai, Sessions
Mike Mangini
8%
Jeff Beck, Whitesnake
Aynsley Dunbar
7.6%
Mastodon
Brann Dailor
7.5%
Queensryche
Scott Rockenfield
7.4%
Meshuggah
Tomas Haake
7.2%
Thin Lizzy, Gary Moore, Phil Lynott
Brian Downey
6.9%
Derek And The Dominos, Beach Boys, George Harrison
Jim Gordon
6.8%
Santana
Dennis Chambers
6.6%
Jethro Tull
Clive Bunker
6.5%
Dixie Dregs, Winger
Rod Morgenstein
6.4%
David Lee Roth, Sessions
Gregg Bissonette
6.4%
Ozzy Osbourne, Lita Ford, Red Square Black
Randy Castillo
6.3%
Mars Volta, One Day As A Lion
Jon Theodore
6.2%
Bands
% Correct
Kansas
Phil Ehart
6.1%
Frank Zappa
Chad Wackerman
6.1%
Planet X
Virgil Donati
6.1%
Tower of Power
David Garibaldi
5.9%
Planet X, Steve Vai
Virgil Donati
5.8%
Santana
Mike Shrieve
5.7%
Frank Zappa, Steve Vai, Sessions
Chad Wackerman
5.7%
Primus, Guns N' Roses, Praxis, Godflesh
Brian Mantia
5.5%
Sonic Youth
Steve Shelley
5.4%
Galactic
Stanton Moore
4.5%
Magma
Christian Vander
4.5%
Opeth
Martin Lopez
4.3%
Nerve, Sessions
JoJo Mayer
4.1%
Mr. Mister, King Crimson, XTC
Pat Mastelotto
4%
Procul Harum, Joe Cocker
BJ Wilson
3.8%
King Crimson
Mike Giles
3.7%
CAN
Jaki Liebezeit
3.7%
Mothers Of Invention
Ralph Humphrey
3.7%
Captain Beefheart, Frank Zappa
John French
3.5%
Incubus
Jose Pasillas
3.5%
Weirdoz
Marco Minnemann
3.4%
Cinderella
Fred Coury
3.4%
Iron Butterfly
Ron Bushy
2.9%
Queensryche
Scott Rokenfield
2.4%
Fates Warning, Warlord
Mark Zonder
2.3%
MC5
Dennis Thompson
2.2%
Solo Artist
Sandy Nelson
2%
Gentle Giant
John Weathers
1.9%
The Surfaris
Ron Wilson
1.7%
Sessions
Matt Johnson
1.6%
Steve Morse, Sessions
Van Romaine
1.6%
Funk Brothers
Richard 'Pistol' Allen
1.4%
Quiz Playlist
Details
Report
Send in Message
Add To Playlist
Classic:
Type in answers that appear in a list
Quiz Source
Last Updated: Feb 16, 2017
Quiz Scoreboard
CHALLENGE
Sign Up to Join the Scoreboard
Show All
Scores
Hide
Comments
May contain spoilers
Recently Published
Holiday 10x10 Sorting Gallery
by lukepisani3
Holiday
15m
Two Season TV Shows II
by 123Four
Television
10m
Image Sorting: Flags VI
by Barbecue
Geography
2m
More to Explore
Quiz From the Vault
Featured Blog Post
14 Easter Pick-up Lines to Find Eggs With
hide this ad
You Might Also Like...
Tags
Bands Quiz
100
Drummer
greatest
Rolling
Rolling Stone
stone
Today's Top Quizzes in Music
Browse Music
hide this ad
Today's Top Quizzes in Bands
Browse Bands
Top Contributed Quizzes in Music
1
5X2 Blitz: Bands II
2
5X2 Blitz: The Beatles
3
Taylor Swift All Songs (2024)
4
5X2 Blitz: Billboard
5
5X2 Blitz: Billboard II
6
Music Artist by Three 2010s hits
7
5X2 Blitz: Album
8
5X2 Blitz: Rock
9
5X2 Blitz: Singers
10
5X2 Blitz: Lyrics
Explore More
Trending Topics
Marvel
NBA
Anime
Crossword
Kpop
Disney
Harry Potter
The Office
NFL
WWE
Pokémon
Puzzle
Song
Soccer
Country
hide this ad
More By:
dwdrum210
Quiz
Plays
Rating
Category
Featured
Created
Rolling Stone's 100 Greatest Rock Drummers
1,041
1.25
Music
Dec 9, 2009
Richest Musicians of 2009
121
3.00
Music
May 28, 2010
10 Fastest Cars 09-10
121
5.00
Miscellaneous
May 14, 2010
IGN Game of the Year Winners
116
1.00
Gaming
May 28, 2010
Go to Creator's Profile
Score Distribution
Quiz Creator Spotlight
dwdrum210
Follow
Send a Message
Quizzes Created
-
Created Quiz Play Count
-
More By This Creator
Popular Quizzes Today
1
Find the US States - No Outlines Minefield
2
Colored Red Africa Blitz
3
Find the 'City' Movie
4
The Countries of the World
5
5x2 Blitz: Bands
6
Find the Countries of Europe - No Outlines Minefield
7
Find the US States
8
US States
More Music Quizzes
Good Vibrations Lyrics
Quiz Lab
Trending Quizzes
Colored Red Europe Blitz I
Colored Red Europe Blitz II
Colored Red Africa Blitz II
Even More Two Season TV Shows
Colored Red Africa Blitz III
Recently Updated
Odd Team Out - Big 4 Players
pecheneg
Quick Pick: 20 Twenties
pecheneg
March Madness Men's Triple Doubles
pecheneg
How Do You Spell That?
pecheneg
Godzilla Movies
pecheneg
Grab Bag: 4-10 Letters
pecheneg
2024 March Madness Bracket
pecheneg
Famous TV Couples
Peacemaker
Champions League XIs: Real Madrid
pecheneg
Largest US Cities 1790-2010
pecheneg
Trending Topics
Harry Potter
Anime
Disney
Crossword
Marvel
Kpop
NBA
Soccer
Song
Puzzle
The Office
NFL
WWE
Pokémon
Country
Your Account Isn't Verified!
In order to create a playlist on Sporcle, you need to verify the email address you used during registration. Go to your
Sporcle Settings
to finish the process.
Report this User
Report this user for behavior that violates our
Community Guidelines
.
Details:
Send Report
Go to the Sporcle.com Mobile Site →
Comments